000 00622nam a2200241 a 4500
999 _c2870
_d2870
007 ta
008 240521t2023||||ii |||||||||||||| ||und||
020 _a9789383848652
_cRs. 525.00
040 _aKO
_beng
041 0 _aeng
044 _aii
082 0 4 _a658.872
_bM4269
_223
245 0 0 _aE-Commerce /
_cedited by Shruti Mathur
250 _a2nd ed.
260 _aNew Delhi :
_bPinnacle Learning,
_c2020, reprinted 2023
300 _a297 p. :
_bill. ;
_c22 cm.
650 0 _aElectronic commerce
_vTextbooks
700 1 _aMathur, Shruti
_eedt
904 _aA_BOSE
905 _aR_RANJAN
942 _cBK